Accounting (Record no. 12828)
[ view plain ]
| 000 -LEADER | |
|---|---|
| fixed length control field | 00494 a2200133 4500 |
| 245 ## - TITLE STATEMENT | |
| Title | Accounting |
| Remainder of title | : an introductory framework |
| Medium | |
| 100 ## - MAIN ENTRY--PERSONAL NAME | |
| Personal name | L Kirkwood |
| 100 ## - MAIN ENTRY--PERSONAL NAME | |
| Personal name | C Ryan |
| 650 ## - SUBJECT ADDED ENTRY--TOPICAL TERM | |
| Topical term or geographic name entry element | ACCOUNTING |
| 260 ## - PUBLICATION, DISTRIBUTION, ETC. | |
| Place of publication, distribution, etc. | cou |
| Date of publication, distribution, etc. | 1946] |
| 084 ## - | |
| -- | HF5635 .W75 |
| 300 ## - PHYSICAL DESCRIPTION | |
| Extent | v. illus., forms, diagrs. 24 cm. |
| Other physical details | v. illus., forms, diagrs. 24 cm. |
| Dimensions | v. illus., forms, diagrs. 24 cm. |
| 500 ## - GENERAL NOTE | |
| General note | "Illustrations developed in collaboration with the Teaching institute of economics, University of Denver." |
No items available.